000 01258naa a22003377a 4500
001 BR9404354
003 BR-BrBNA
005 20240918181231.0
007 ta
008 230509b bl.||||| |||| 00| 0 por d
040 _aBR-BrBNA
_bpor
_cBiblioteca Nacional de Agricultura
041 _a(Pt)
072 _aH60
090 _aH60 BR9404354
100 1 _aSkora Neto, F.
100 1 _aMuller, J.M.
111 1 _a1. Encontro Latino Americano sobre Plantio Direto na Pequena Propriedade
_cPonta Grossa, PR (Brazil)
_d22-26 Nov 1993
245 1 _aEfeitos aleopaticos de extratos aquosos de canola, aveia e azevem sobre especies cultivadas e silvestres
260 3 _aLondrina, PR (Brasil):
_c1993.
500 _a1. Encontro Latino Americano sobre Plantio Direto na Pequena Propriedade. Anais Londrina, PR (Brasil): 1993. p. 108-116 (BR9404354-AM)H60
650 _aCultura de Inverno
650 _aAveia
650 _aColza
650 _aAzevem
650 _aGerminacao
650 _aErva Daninha
650 _aPlantio Direto
773 0 _t1. Encontro Latino Americano sobre Plantio Direto na Pequena Propriedade. Anais
_wH60 BR9404354
_gLondrina, PR (Brasil), 1993. p. 108-116
909 _a202404
_bLucia
_c55
_dLucia Elande
942 _cAM
_2AGRIS
999 _c324261
_d324261